Dance moms national dances seasons 1-8 - Statistics

General Stats
  • This quiz has been taken 17 times
  • The average score is 19 of 34
Answer Stats
Hint Answer % Correct
Chloe s2 silence
93%
Group s2 the last text
86%
Group s5 the waiting room
86%
Maddie s3 amazing grace
79%
Group s4 amber alert
79%
Mackenzie s3 dance doctor
71%
Brooke s2 diary of anne frank
71%
Group s3 home again
71%
Kendall s3 voodoo doll
71%
Lilliana s7 dear Lilly love daddy
64%
Lilliana s8 inside out
64%
Mackenzie s2 killer bee
64%
Maddie s1 manhattan
64%
Chloe s4 soaring
64%
Maddie s2 telling myself
64%
Chloe s1 another season
57%
Elliana s7 munich
57%
Group s8 the prom
57%
Nia s5 no matter what
50%
Kalani s7 out for blood
50%
Maddie s5 someone special
50%
Group s7 survivor
50%
Group s1 this is my beauty
50%
Nia s7 I need no one
43%
Brady s8 I won't dance
43%
Chloe s7 the reason why
43%
Group (select) s4 hollywood stars
36%
Group s7 is there still hope
36%
Kendall s4 my name in lights
36%
Brynn s7 the winner takes all
36%
Kamryn s4 this is the start
36%
Kendall s7 troublemaker
36%
Pressley s8 anabelle
29%
Kalani s7 who do you think you are
21%
No matching quizzes found
Score Distribution
Percent of People with Each Score
Percentile by Number Answered
Your Score History
You have not taken this quiz